000
00332nam a22001457a 4500
008
221107b ||||| |||| 00| 0 eng d
020
_a
2740364713298
041
_a
eng
080
_2
2740364713298
_a
612
082
_a
612.39
100
_a
16.2
101
_a
NUT
245
_a
UNDERSTANDING NUTRITION
_c
WHITNEY R
942
_2
udc
_c
BK
999
_c
58765
_d
58765